00312nam a2200109Ia 4500008004100000041001200041082001400053100001600067245008000083260003000163440000900193240126s9999 xx 000 0 und d aEnglish aTSCS23-20 aAnuradha K. 0aModeling and analysis of demand side managementbDr. Vamsi Krishna Tumuluru bPES UniversityaBangalore aNULL